00653nam a2200157 a 450000100100000000500170001000800410002704000250006808200150009324501300010826000590023830000280029770000400032595201130036599900170047800004505420201002045835.0150130s1988 dr a 000 0 spa d aDO-SdBNPbspacBNPHU axxxxbxxxx00aBiología moderna 4 :bcuarto curso, educación media /cdirección pegagógica: Psicólogo Héctor Manuel Rodríguez. aSanto Domingo :bSusaeta Ediciones Dominicanas,c1988. a206 p. :bil. ;c25 cm.12aRodríguez, Héctor Manuel936592 0010718PDaPDbPDcCTd2015-01-30iLF1l0oxxxx xxxxp45054-10r2020-06-25w2020-06-25yLFPDZNo se presta c44543d44543